<?xml version="1.0" encoding="UTF-8"?>
<record
    xmlns:xsi="http://www.w3.org/2001/XMLSchema-instance"
    xsi:schemaLocation="http://www.loc.gov/MARC21/slim http://www.loc.gov/standards/marcxml/schema/MARC21slim.xsd"
    xmlns="http://www.loc.gov/MARC21/slim">

  <leader>01259nam0a22002891  4500</leader>
  <controlfield tag="001">rc\4093884</controlfield>
  <controlfield tag="005">20250611090131.0</controlfield>
  <datafield tag="021" ind1=" " ind2=" ">
    <subfield code="a">RU</subfield>
    <subfield code="b">[46-17489]</subfield>
  </datafield>
  <datafield tag="035" ind1=" " ind2=" ">
    <subfield code="a">(NLR Aleph) 008134397</subfield>
  </datafield>
  <datafield tag="090" ind1=" " ind2=" ">
    <subfield code="a">9444373</subfield>
    <subfield code="c">9444373</subfield>
  </datafield>
  <datafield tag="100" ind1=" " ind2=" ">
    <subfield code="a">20130415d1946    |||y0rusy50      ca</subfield>
  </datafield>
  <datafield tag="101" ind1="0" ind2=" ">
    <subfield code="a">rus</subfield>
  </datafield>
  <datafield tag="102" ind1=" " ind2=" ">
    <subfield code="a">RU</subfield>
  </datafield>
  <datafield tag="105" ind1=" " ind2=" ">
    <subfield code="a">a   z   |||||</subfield>
  </datafield>
  <datafield tag="200" ind1="1" ind2=" ">
    <subfield code="a">&#x41E;&#x441;&#x43D;&#x43E;&#x432;&#x43D;&#x44B;&#x435; &#x432;&#x43E;&#x43F;&#x440;&#x43E;&#x441;&#x44B; &#x44D;&#x43B;&#x435;&#x43A;&#x442;&#x440;&#x43E;&#x43E;&#x431;&#x43E;&#x440;&#x443;&#x434;&#x43E;&#x432;&#x430;&#x43D;&#x438;&#x44F; &#x43A;&#x443;&#x437;&#x43D;&#x435;&#x447;&#x43D;&#x43E;-&#x43F;&#x440;&#x435;&#x441;&#x441;&#x43E;&#x432;&#x44B;&#x445; &#x43C;&#x430;&#x448;&#x438;&#x43D;</subfield>
    <subfield code="f">&#x41C;&#x42D;&#x421; &#x421;&#x421;&#x421;&#x420;. &#x413;&#x423;&#x423;&#x417;. &#x417;&#x430;&#x43E;&#x447;. &#x438;&#x43D;-&#x442; &#x443;&#x441;&#x43E;&#x432;&#x435;&#x440;&#x448;&#x435;&#x43D;&#x441;&#x442;&#x432;&#x43E;&#x432;&#x430;&#x43D;&#x438;&#x44F; &#x418;&#x422;&#x420; &#x41C;&#x42D;&#x421;</subfield>
  </datafield>
  <datafield tag="210" ind1=" " ind2=" ">
    <subfield code="a">&#x41B;&#x435;&#x43D;&#x438;&#x43D;&#x433;&#x440;&#x430;&#x434;</subfield>
    <subfield code="a">[&#x41C;&#x43E;&#x441;&#x43A;&#x432;&#x430;]</subfield>
    <subfield code="c">1-&#x44F; &#x442;&#x438;&#x43F;. &#x413;&#x438;&#x437;&#x43B;&#x435;&#x433;&#x43F;&#x440;&#x43E;&#x43C;&#x430; &#x432; &#x41B;.</subfield>
    <subfield code="d">1946</subfield>
  </datafield>
  <datafield tag="215" ind1=" " ind2=" ">
    <subfield code="a">71 &#x441;.</subfield>
    <subfield code="c">&#x447;&#x435;&#x440;&#x442;.</subfield>
    <subfield code="d">22</subfield>
  </datafield>
  <datafield tag="300" ind1=" " ind2=" ">
    <subfield code="a">&#x41F;&#x435;&#x440;&#x435;&#x434; &#x437;&#x430;&#x433;&#x43B;. &#x430;&#x432;&#x442;&#x43E;&#x440;: &#x43F;&#x440;&#x43E;&#x444;. &#x410;.&#x422;. &#x413;&#x43E;&#x43B;&#x43E;&#x432;&#x430;&#x43D;, &#x434;-&#x440; &#x442;&#x435;&#x445;&#x43D;. &#x43D;&#x430;&#x443;&#x43A;</subfield>
  </datafield>
  <datafield tag="320" ind1=" " ind2=" ">
    <subfield code="a">&#x411;&#x438;&#x431;&#x43B;&#x438;&#x43E;&#x433;&#x440;.: &#x423;&#x43A;&#x430;&#x437;&#x430;&#x442;&#x435;&#x43B;&#x44C; &#x43B;&#x438;&#x442;-&#x440;&#x44B;: &#x441;. 69-70</subfield>
  </datafield>
  <datafield tag="606" ind1=" " ind2=" ">
    <subfield code="a">&#x41A;&#x443;&#x437;&#x43D;&#x435;&#x447;&#x43D;&#x43E;-&#x43F;&#x440;&#x435;&#x441;&#x441;&#x43E;&#x432;&#x43E;&#x435; &#x43E;&#x431;&#x43E;&#x440;&#x443;&#x434;&#x43E;&#x432;&#x430;&#x43D;&#x438;&#x435;</subfield>
    <subfield code="x">&#x42D;&#x43B;&#x435;&#x43A;&#x442;&#x440;&#x43E;&#x43F;&#x440;&#x438;&#x432;&#x43E;&#x434;&#x44B;</subfield>
    <subfield code="2">psbo</subfield>
  </datafield>
  <datafield tag="700" ind1=" " ind2="1">
    <subfield code="7">ca</subfield>
    <subfield code="8">rus</subfield>
    <subfield code="a">&#x413;&#x43E;&#x43B;&#x43E;&#x432;&#x430;&#x43D;</subfield>
    <subfield code="b">&#x410;.&#x422;.</subfield>
    <subfield code="f">1900-1964</subfield>
    <subfield code="g">&#x410;&#x43D;&#x434;&#x440;&#x435;&#x439; &#x422;&#x440;&#x438;&#x444;&#x43E;&#x43D;&#x43E;&#x432;&#x438;&#x447;</subfield>
    <subfield code="9">240674</subfield>
    <subfield code="3">RU\NLR\AUTH\770240730</subfield>
  </datafield>
  <datafield tag="801" ind1=" " ind2="0">
    <subfield code="a">RU</subfield>
    <subfield code="b">NLR</subfield>
    <subfield code="g">psbo</subfield>
  </datafield>
  <datafield tag="801" ind1=" " ind2="1">
    <subfield code="a">RU</subfield>
    <subfield code="b">ELAR</subfield>
    <subfield code="2">rusmarc</subfield>
  </datafield>
  <datafield tag="852" ind1=" " ind2=" ">
    <subfield code="a">NLR</subfield>
    <subfield code="j">&#x422;20 &#x413;-6/107</subfield>
  </datafield>
  <datafield tag="942" ind1=" " ind2=" ">
    <subfield code="c">BOOK</subfield>
  </datafield>
  <datafield tag="980" ind1=" " ind2=" ">
    <subfield code="a">NB</subfield>
  </datafield>
  <datafield tag="995" ind1=" " ind2=" ">
    <subfield code="5">2013-10-26</subfield>
    <subfield code="b">NLR02</subfield>
    <subfield code="c">NLR02</subfield>
    <subfield code="e">RFS</subfield>
    <subfield code="f">8134397-10</subfield>
    <subfield code="k">&#x422;20 &#x413;-6/107</subfield>
    <subfield code="o">0</subfield>
    <subfield code="r">BOOK</subfield>
    <subfield code="s">20_6107</subfield>
  </datafield>
</record>
